| 000 | 01274cam a2200337 a 4500 | ||
|---|---|---|---|
| 001 | 3401394 | ||
| 003 | ARRUPE | ||
| 005 | 20131107173441.0 | ||
| 007 | hd afa009bacp | ||
| 007 | hd bfa009baap | ||
| 007 | hd bfa009babp | ||
| 008 | 021125s1919 enk a 000 1 eng d | ||
| 035 | _a(OCoLC)ocm51063056 | ||
| 035 | _a(NNC)3401394 | ||
| 037 |
_a(NNC)MN2002-10161-2 _bZCU |
||
| 040 |
_aZCU _cPR@ _dZCU |
||
| 041 | 1 |
_aeng _hrus |
|
| 099 |
_aF _ah745 |
||
| 100 | 1 |
_aChekhov, Anton Pavlovich, _d1860-1904. _93502 |
|
| 245 | 1 | 4 |
_aThe bishop and other stories _h[microform] / _cby Anton Tchehov ; from the Russian by Constance Garnett. |
| 260 |
_aNew York : _bMacmillan Co., _c1919. |
||
| 300 |
_a302 p. ; _c20 cm. |
||
| 490 | 1 |
_aThe tales of Tchehov ; _vv. 7 |
|
| 505 | 0 | _aThe bishop -- The letter -- Easter eve -- A nightmare -- The murder -- Uprooted -- The steppe. | |
| 533 |
_aMicrofilm. _bNew York, N.Y. : _cColumbia University Libraries, _d2003. _e1 microfilm reel ; 35 mm. _nMaster negative: 2002-10161-2. _nNo. 2 on a reel of 5 titles. |
||
| 700 | 1 |
_aGarnett, Constance, _d1861-1946. _93503 |
|
| 776 | 1 |
_cOriginal _w(DLC) 19-14232 |
|
| 800 | 1 |
_aChekhov, Anton Pavlovich, _d1860-1904. _tShort stories. _lEnglish (New York) _93504 |
|
| 942 |
_2lcc _cMONOGRAPH |
||
| 999 |
_c118584 _d118584 |
||